000 00894cam a2200253 a 4500
001 33661
003 BD-RjUL
005 20211209052035.0
008 140510r19621958uk b 001 0 eng d
035 _a(BD-RjUL)33752
040 _aQUT
_beng
_cQUT
_dBD-RjUL
041 _aeng
082 _a301.01
_bMYV 1962
100 1 _aMyrdal, Gunnar,
_d1898-
_9102196
245 1 0 _aValue in social theory :
_ba selection of essays on methodology /
_cGunnar Myrdal ; edited by Paul Streeton.
260 _aLondon :
_bRoutledge and Kegan Paul,
_cc1958 [Impression 1962].
300 _axlvi, 269 p. ;
_c23 cm.
504 _aIncludes bibliographical references and index.
650 0 _aSocial sciences
_xMethodology.
_9102198
650 0 _aAfrican Americans.
_9102199
700 1 _aStreeton, Paul.
_9102200
942 _2ddc
_cBK
999 _c33661
_d33661